Bibliografia machadiana (Record no. 6335)

MARC details
000 -LEADER
campo de control de longitud fija 00946nam a2200265 i 4500
001 - NÚMERO DE CONTROL
campo de control 6335
003 - IDENTIFICADOR DE NÚMERO DE CONTROL
campo de control ES-MaACL
005 - FECHA Y HORA DE LA ÚLTIMA TRANSACCIÓN
campo de control 20240301062529.0
007 - CAMPO FIJO DE DESCRIPCIÓN FÍSICA--INFORMACIÓN GENERAL
campo de control de longitud fija t|
008 - DATOS DE LONGITUD FIJA--INFORMACIÓN GENERAL
campo de control de longitud fija 890925s1976 sp b ||||1| spa d
020 ## - NÚMERO INTERNACIONAL ESTÁNDAR DEL LIBRO
Número Internacional Estándar del Libro 84-369-0519-9
080 ## - NÚMERO DE LA CLASIFICACIÓN DECIMAL UNIVERSAL
Número de la Clasificación Decimal Universal 012 Machado
080 ## - NÚMERO DE LA CLASIFICACIÓN DECIMAL UNIVERSAL
Número de la Clasificación Decimal Universal 86(Machado,A.):012
245 00 - MENCIÓN DEL TÍTULO
Título Bibliografia machadiana
Resto del título : (bibliografia para un centenario) /
Mención de responsabilidad, etc. Biblioteca Nacional.
260 ## - PUBLICACIÓN, DISTRIBUCIÓN, ETC.
Lugar de publicación, distribución, etc. Madrid :
Nombre del editor, distribuidor, etc. Servicio de Publicaciones del Ministerio de Educacion y Ciencia,
Fecha de publicación, distribución, etc. 1976.
300 ## - DESCRIPCIÓN FÍSICA
Extensión 295 p. ;
Dimensiones 25 cm.
490 1# - MENCIÓN DE SERIE
Mención de serie Panoramas bibliograficos de España ;
Designación de volumen o secuencia 2
500 ## - NOTA GENERAL
Nota general Indice.
600 14 - PUNTO DE ACCESO ADICIONAL DE MATERIA--NOMBRE DE PERSONA
Nombre de persona Machado, Antonio,
Fechas asociadas al nombre 1875-1939-
Subdivisión de forma Bibliografías
9 (RLIN) 75152
710 1# - ENTRADA AGREGADA--NOMBRE DE ENTIDAD CORPORATIVA
Nombre de entidad corporativa o nombre de jurisdicción como elemento de entrada España.
Unidad subordinada Ministerio de Educación y Ciencia.
9 (RLIN) 3864
710 2# - ENTRADA AGREGADA--NOMBRE DE ENTIDAD CORPORATIVA
Nombre de entidad corporativa o nombre de jurisdicción como elemento de entrada Biblioteca Nacional (España)
9 (RLIN) 2188
830 0# - PUNTO DE ACCESO ADICIONAL DE SERIE-TÍTULO UNIFORME
Título uniforme Panoramas bibliograficos de España ;
Designación de volumen o secuencia 2
9 (RLIN) 180422
852 ## - LOCALIZACIÓN
Ubicación ES-MaACL
Número de control de estantería L-13487
Sublocalización o colección R.116717
Nota libre . - rust.
Holdings
Estatus retirado Estado de pérdida Estado de daño No para préstamo Biblioteca de origen Biblioteca actual Ubicación en estantería Fecha de adquisición Fuente de adquisición Total de préstamos Signatura topográfica completa Código de barras Visto por última vez Precio de reemplazo Tipo de ítem Koha
        Biblioteca del Ateneo de Madrid Biblioteca del Ateneo de Madrid Depósito 2 17/01/2008     L-13487 1006449 23/02/2023 23/02/2023 Libro impreso